| 000 -LEADER |
| fixed length control field |
00690nam a2200181Ia 4500 |
| 001 - CONTROL NUMBER |
| control field |
7941 |
| 003 - CONTROL NUMBER IDENTIFIER |
| control field |
GE_BSU |
| 008 - FIXED-LENGTH DATA ELEMENTS--GENERAL INFORMATION |
| fixed length control field |
181216s||||||||xx |||||||||||||| ||und|| |
| 040 ## - CATALOGING SOURCE |
| Transcribing agency |
GE_BSU |
| 245 ## - TITLE STATEMENT |
| Title |
ლიტერატურული პალიტრა. №10.ოქტომბერი (109)2013. |
| 245 ## - TITLE STATEMENT |
| Statement of responsibility, etc. |
პროექტ.ავტ.თამარ მამაცაშვილი.მთ. რედ. ზ. ჩხეიძე |
| 260 ## - PUBLICATION, DISTRIBUTION, ETC. |
| Place of publication, distribution, etc. |
თბილისი |
| 260 ## - PUBLICATION, DISTRIBUTION, ETC. |
| Name of publisher, distributor, etc. |
მედია პალიტრა |
| 260 ## - PUBLICATION, DISTRIBUTION, ETC. |
| Date of publication, distribution, etc. |
2013 |
| 300 ## - PHYSICAL DESCRIPTION |
| Extent |
174გვ;28სმ. |
| 520 ## - SUMMARY, ETC. |
| Summary, etc. |
ჟურნალი გამოდის თვეში ერთხელ. |
| 942 ## - ADDED ENTRY ELEMENTS (KOHA) |
| Koha item type |
პერიოდიკა |